000
00296nam a2200121Ia 4500
008
190216s9999||||xx |||||||||||||| ||und||
100
_a
Baidyanth Basu
245
3
_a
An Introduction To Astro Physics
260
_b
Pentice Hall Of India
_c
2001
300
_a
487p
650
_a
Physics
942
_c
BK
999
_c
33914
_d
33914